Swapnangalude rajanum kuttikalude ragnjyum : (Record no. 69591)

MARC details
000 -LEADER
fixed length control field 00940nam a2200289Ia 4500
003 - CONTROL NUMBER IDENTIFIER
control field OSt
005 - DATE AND TIME OF LATEST TRANSACTION
control field 20240829115456.0
008 - FIXED-LENGTH DATA ELEMENTS--GENERAL INFORMATION
fixed length control field 210331s9999||||xx |||||||||||||| ||und||
020 ## - INTERNATIONAL STANDARD BOOK NUMBER
International Standard Book Number 9789382328223
040 ## - CATALOGING SOURCE
Transcribing agency STCPL
041 ## - LANGUAGE CODE
Language code of text/sound track or separate title Malayalam
082 ## - DEWEY DECIMAL CLASSIFICATION NUMBER
Classification number M09
Item number SAJ-S
100 ## - MAIN ENTRY--PERSONAL NAME
Personal name Maranadu, Sajan
Author in other language സാജൻ മാറനാട്‌
245 #0 - TITLE STATEMENT
Title Swapnangalude rajanum kuttikalude ragnjyum :
Remainder of title Freudum annayum /
Statement of responsibility, etc. by Sajan Maranadu
Title in other language സ്വപ്നങ്ങളുടെ രാജനും കുട്ടികളുടെ രാജ്ഞിയും ഫ്രോയ്‌ഡും അന്നയും
260 ## - PUBLICATION, DISTRIBUTION, ETC.
Place of publication, distribution, etc. Thiruvananthapuram :
Name of publisher, distributor, etc. Chintha Publishers ,
Date of publication, distribution, etc. 2012 .
300 ## - PHYSICAL DESCRIPTION
Extent 48 p.
Other physical details Paper Back
650 ## - SUBJECT ADDED ENTRY--TOPICAL TERM
Topical term or geographic name entry element Malayalam literature
650 ## - SUBJECT ADDED ENTRY--TOPICAL TERM
Topical term or geographic name entry element Sigmund Freud
650 ## - SUBJECT ADDED ENTRY--TOPICAL TERM
Topical term or geographic name entry element Anna Freud
650 ## - SUBJECT ADDED ENTRY--TOPICAL TERM
Topical term or geographic name entry element Biography
650 ## - SUBJECT ADDED ENTRY--TOPICAL TERM
Topical term or geographic name entry element Writers
650 ## - SUBJECT ADDED ENTRY--TOPICAL TERM
Topical term or geographic name entry element Novel
650 ## - SUBJECT ADDED ENTRY--TOPICAL TERM
Topical term or geographic name entry element Study
942 ## - ADDED ENTRY ELEMENTS (KOHA)
Koha item type Books
041 ## - LANGUAGE CODE
Language code of original Malayalam
942 ## - ADDED ENTRY ELEMENTS (KOHA)
Source of classification or shelving scheme Dewey Decimal Classification
Holdings
Withdrawn status Lost status Source of classification or shelving scheme Damaged status Collection code Not for loan Home library Current library Shelving location Date acquired Cost, normal purchase price Total Checkouts Full call number Barcode Date last seen Price effective from Koha item type
    Dewey Decimal Classification   Malayalam   ST. THOMAS COLLEGE LIBRARY, PALAI ST. THOMAS COLLEGE LIBRARY, PALAI Malayalam 2021-07-10 35.00   M09 SAJ-S 86391 2021-07-10 2021-07-10 Books
Rights reserved ©2021 ST. THOMAS COLLEGE LIBRARY
A joint venture of - St. Thomas College Library and
Department of Computer Science, St. Thomas Collge Palai